书目信息 |
| 题名: |
化工原理实验
|
|
| 作者: | 金凤友 主编 | |
| 分册: | ||
| 出版信息: | 长春 吉林人民出版社 2005 |
|
| 页数: | 192页 | |
| 开本: | 26cm | |
| 丛书名: | ||
| 单 册: | ||
| 中图分类: | TQ02-33 | |
| 科图分类: | ||
| 主题词: | 化工原理--实验 , 化工原理 | |
| 电子资源: | ||
| ISBN: | 7-206-02744-X | |
| 000 | 00778nam0 2200265 45 | |
| 001 | 012006041106 | |
| 005 | 20070714083522.01 | |
| 010 | @a7-206-02744-X@dCNY30.60 | |
| 092 | @aCN@b490859 | |
| 100 | @a20060411d2005 em y0chiy0120 ea | |
| 101 | 0 | @achi |
| 102 | @aCN@b220000 | |
| 105 | @aa z 000yy | |
| 200 | 1 | @a化工原理实验@9hua gong yuan li shi yan@f金凤友主编 |
| 205 | @a2版 | |
| 210 | @a长春@c吉林人民出版社@d2005 | |
| 215 | @a192页@c图@d26cm | |
| 320 | @a有书目 | |
| 330 | @a本书主要介绍了化工实验数据误差分析及实验数据处理;化工实验常用参数测量及测量一仪器的使用方法等。 | |
| 606 | 0 | @a化工原理@x实验 |
| 606 | 0 | @a化工原理 |
| 690 | @aTQ02-33@v4 | |
| 701 | 0 | @a金凤友@9jin feng you@4主编 |
| 801 | 0 | @aCN@bLZJBOOK@c20070714 |
| 905 | @a10447@dTQ02-33@e158=2 | |
| 化工原理实验/金凤友主编.-2版.-长春:吉林人民出版社,2005 |
| 192页:图;26cm |
| ISBN 7-206-02744-X:CNY30.60 |
| 本书主要介绍了化工实验数据误差分析及实验数据处理;化工实验常用参数测量及测量一仪器的使用方法等。 |
| ● |
| 相关链接 |
|
|
|
|
正题名:化工原理实验
索取号:TQ02-33/158=2
 
预约/预借
| 序号 | 登录号 | 条形码 | 馆藏地/架位号 | 状态 | 备注 |
| 1 | 0563573 | 205635730 | 第二样本阅览室/ [索取号:TQ02-33/158=2] | 在馆 | |
| 2 | 0563574 | 205635749 | 密集书库/ [索取号:TQ02-33/158=2] | 在馆 | |
| 3 | 0563575 | 205635758 | 第三借阅区/ [索取号:TQ02-33/158=2] | 在馆 | |
| 4 | 0563576 | 205635767 | 密集书库/ [索取号:TQ02-33/158=2] | 在馆 | |
| 5 | 0563577 | 205635776 | 密集书库/ [索取号:TQ02-33/158=2] | 在馆 | |
| 6 | 0563578 | 205635785 | 第三借阅区/ [索取号:TQ02-33/158=2] | 在馆 | |
| 7 | 0563579 | 205635794 | 第三借阅区/ [索取号:TQ02-33/158=2] | 在馆 | |
| 8 | 0563580 | 205635801 | 第三借阅区/ [索取号:TQ02-33/158=2] | 在馆 |